000 02043nam2a22002411 4500
001 RU\NLR\INFOCOMM55\5000205253
005 20250617040317.0
035 _a(NLR Aleph) 002432329
090 _a2005529
_c2005529
100 _a20050224d1974 |||y0rusy50 ca
101 0 _arus
102 _aRU
105 _ay ||||000|y
200 1 _aПрогрессивная технология штамповки и применение ее в приборостроении
210 _d1974
_aБ. м.
461 0 _1001RU\NLR\INFOCOMM55\5000205212
_12001#$aОбзорная информация$hТС-9$i"Технология приборостроения, патентно-лицензионная и рационализаторская работа, технико-химические исследования"$fЦентр. науч.-исслед. ин-т информации и техн.-экон. исследований приборостроения, средств автоматизации и систем управления$v1974, Вып.2
_92005411
_aЦентральный научно-исследовательский институт информации и технико-экономических исследований приборостроения, средств автоматизации и систем управления (Москва)
_cМ.
_d1971-1974
_fЦентр. науч.-исслед. ин-т информации и техн.-экон. исследований приборостроения, средств автоматизации и систем управления
_hТС-9
_i"Технология приборостроения, патентно-лицензионная и рационализаторская работа, технико-химические исследования"
_tОбзорная информация
_v1974, Вып.2
801 1 _aRU
_bInfoComm
_c20050224
801 0 _aRU
_bNLR
_gPSBO
852 _aNLR
_jП10/4192
942 _cISSUE
980 _aNB
980 _aRUSPER